00756nam a2200217 a 45000010005000000030005000050050017000100080041000270400020000682450050000882600042001382600024001803000023002045000087002276500025003146500038003396500039003779420013004169990015004299520094004445247CDMR20131030123847.0130130s2001||||||||||||||||||||||||||||d aCDMRbcatcCDMR 0aMulticulturalitat, diversitat, fotoperiodisme aBarcelonabFundació Caixa Catalunya c2001bRevista Nexus a151 p.bil.c30 cm aNúmero 26 de la Revista Nexus (ISSN: 1575-0876) , corresponent a juliol de 2001.0491270aFotoperiodisme0492777aComunicació intercultural0492799aPeriodismexAspectes socials cMON2udc c5247d5247 00104070aCDMRbCDMRd2013-01-16l0oDk 2/13pCDMR13109252r2013-01-16w2013-01-16yMON